000 00773nas a2200265 4500
001 BR0704242
003 BR-BrBNA
005 20231205111113.0
007 ta
008 230509b bl.|||p| |||| 00| 00por d
040 _aBR-BrBNA
_bpor
_cBiblioteca Nacional de Agricultura
041 _a(Pt)
072 _aH10
100 1 _aVenzon, M.
100 1 _aFallieri, J.
100 1 _aRipposati, J.G.
100 1 _aFerreira, J.C.
100 1 _aRosado, M. da C.
245 1 _aInsetos-pragas e seus predadores em cultivares precoces de algodoeiro
650 _aPRAGA DE PLANTA
650 _aALGODÃO
773 0 _tEcossistema (Brazil)
_xISSN 0100-4107
_g(Jan-Dec 2003), v. 28(1-2) p. 47-55
_wBR0704242
909 _a202311
_bLúcia
_c55
_dLúcia Elande
942 _2AGRIS
_n0
_cANA
999 _c190670
_d190670